000 00722nam a2200265Ia 4500
003 OSt
005 20220912150344.0
006 a|||||r|||| 00| 0
007 ta
008 220909b |||||||| |||| 00| 0 eng d
024 _a44296
037 _cTextual
040 _aCSL
_beng
_cCSL
041 _aeng
082 _aD65,8(B):(X:8J), M2
100 _aDavis Keagle W
245 0 _aAuditing computer applications
260 _aNew York
_b Johnwiley
_c1982
300 _axvi, 601p.
_ccm.
650 _a Online auditing
650 _aComputer science
700 _a Perry William E
942 _hD65,8(B):(X:8J), M2
_cTEXL
_2CC
999 _c45750
_d45750